| 000 | 01674nam a2200313 i 4500 | ||
|---|---|---|---|
| 001 | 768714001 | ||
| 003 | CO-MdFUSB | ||
| 005 | 20240604145133.0 | ||
| 007 | ta | ||
| 008 | 220214txx enk |||| |||| 00| 0 spa d | ||
| 020 | _a[No incluye ISBN] | ||
| 040 |
_aCO-MdFUSB _bspa _cCO-MdFUSB _dCO-MdFUSBC _erda |
||
| 041 | _aspa | ||
| 082 |
_223 _a234 _bAP648 |
||
| 100 |
_aAppleby, H. J. _eautor |
||
| 245 |
_aAbsuelto _c/ H. J. Appleby |
||
| 264 | 0 |
_aInglaterra : _bAbingdon Press, _c[1990] |
|
| 300 |
_a62 páginas _c; 21 cm |
||
| 336 |
_2rdacontent _atexto _btxt |
||
| 337 |
_2rdamedia _asin mediación _bn |
||
| 338 |
_2rdacarrier _avolumen _bnc |
||
| 505 |
_tPrimera parte: La historia de la doctrina: _aLa justificación según las Escrituras del Antiguo Testamento. --La justificación según las Escrituras del Nuevo Testamento. -- la justificación tal como se enseñó por los padres de la iglesia hasta el año 1.200 D. de C. -- La justificación tal como se enseñó duranta la Reforma Protestante. |
||
| 505 |
_tSegunda parte: Explicación de la Doctrina. _aEl significado de la Doctrina. -- El significado de la palabra "Justificación" según la Biblia. -- ¿Qué cosa es la justificación? -- La justificación y la Ley de Dios. -- La justificación, la vida y la muerte de Cristo. -- Los méritos de Cristo son la única base de nuestra justificación. -- La justificación en relación con la gracia y el esfuerzo humano. -- la justificación en relación con la fe. -- La justificación y la Obra del Espíritu Santo. |
||
| 563 | _aRústico | ||
| 650 | 7 |
_9179 _aTeología doctrinal |
|
| 650 | 7 |
_9415 _aJustificación |
|
| 942 | _cBK | ||
| 945 | _aJTF-925 | ||
| 999 |
_c67179 _d67179 |
||